000 00311nam a2200133 i 4500
001 bg
100 1 _aWESOŁOWSKI, Z.
245 0 _aAkustyka ciała sprężystego /
_cZ.Wesołowski.
260 _aWarszawa,
_c1989.
040 _cBPK
041 _apol
942 _cKS
008 s pl f |000 0 pol
999 _c28812
_d28812
856 _uhttp://koha.tu.koszalin.pl/cgi-bin/koha/opac-detail.pl?biblionumber=28812
_yKatalog online BPK